000 00489nam a2200157 i 4500
001 96275
003 ES-MaACL
005 20230906181859.0
007 t|
008 050615s1934 sz ||||1| fre d
245 0 0 _aMahabharata
_b: la penseé religieuse de la Bhagavad-Gîtâ (le chant du Bienheureux) /
_cDocteur Louis Pelet.
260 _aLausanne :
_bEdwin Frankfurter,
_c1934.
300 _a118 p. ;
_c19 cm.
700 1 _aPelet, Louis.
_990044
852 _aES-MaACL
_jB-12539
_bR.20539
999 _c96275
_d96275